Actors' Relatives - Statistics

General Stats
  • This quiz has been taken 8,381 times
    8,229 since last reset
  • The average score is 12 of 22
Answer Stats
Hint Answer % Correct
Joaquin Phoenix's late brother River Phoenix
89%
Joan Cusack's brother John Cusack
85%
Bridget Fonda's aunt Jane Fonda
79%
Ben Affleck's brother Casey Affleck
71%
Judy Garland's daughter Liza Minnelli
69%
Francis Ford Coppola's daughter Sofia Coppola
67%
Mark Wahlberg's brother Donnie Wahlberg
66%
Dennis Quaid's brother Randy Quaid
63%
Francis Ford Coppola's nephew Nicolas Cage or Jason Schwartzman
60%
Ben Stiller's father Jerry Stiller
51%
Julia Roberts' brother Eric Roberts
50%
Rosanna Arquette's sister Patricia Arquette
50%
Ethan Coen's brother Joel Coen
48%
Zooey Deschanel's sister Emily Deschanel
46%
Father of Jeff Bridges Lloyd Bridges
44%
Brother of Ralph Fiennes Joseph Fiennes
41%
Shirley MacLaine's brother Warren Beatty
39%
Isabella Rossellini's mother Ingrid Bergman
33%
Ron Howard's daughter Bryce Dallas Howard
32%
Sean Penn's brother Chris Penn
28%
Melanie Griffith's mother Tippi Hedren
27%
Francis Ford Coppola's sister Talia Shire
19%
No matching quizzes found
Score Distribution
Percent of People with Each Score
Percentile by Number Answered
Your Score History
You have not taken this quiz since the last reset